| LEADER |
01052nam0a2200205 450 |
| 001 |
16848271 |
| 010 |
|
|
|a 978-2-268-10544-4
|b br.
|d 19,9
|
| 100 |
|
|
|a 20210312d2021 u u0frey01 ba
|
| 101 |
0 |
|
|a fre
|
| 102 |
|
|
|a MC
|
| 200 |
0 |
|
|a vérités cachées de la France sous l'Occupation (Les)
|f Dominique Lormier
|
| 207 |
|
1 |
|a
|
| 210 |
|
|
|a Monaco
|c Rocher
|d 2021
|
| 215 |
|
|
|a 1 vol. (460 p.)
|d 24 x 16 cm
|
| 300 |
|
|
|a Bibliogr.
|
| 330 |
|
|
|a Après Les vérités cachées de la défaite de 1940, l'auteur poursuit son enquête fondée sur des archives et des témoignages pour lever le voile sur la France de l'Occupation : la responsabilité de Pétain, le rôle des Britanniques ou des Américains, les écrivains et journalistes qui ont collaboré ou encore les raisons qui ont poussé certains à sauver des Juifs de la déportation. Electre 2021
|
| 700 |
|
0 |
|a Lormier
|b Dominique
|4 70
|
| 900 |
|
|
|a Documentaire
|
| 901 |
|
|
|a Accessible au prêt
|
| 995 |
|
|
|a Bibliothèque
|c Bibliothèque
|f 00156012312773
|h 00156012312773
|k 944.0816 LOR
|o p
|q a
|r az
|e Bibliothèque
|